La seguridad internacional en el siglo XXI, más allá de Westfalia y Clausewitz
Gespeichert in:
| 1. Verfasser: | |
|---|---|
| Format: | Buch |
| Sprache: | Spanisch |
| Veröffentlicht: |
Santiago
Ministerio de Defensa
2006
|
| Ausgabe: | 1a. ed |
| Schriftenreihe: | Colección Investigaciones Academia Nacional de Estudios Políticos y Estratégicos, 14
|
| Schlagworte: | |
| Tags: |
Tag hinzufügen
Keine Tags, Fügen Sie den ersten Tag hinzu!
|
MARC
| LEADER | 00000nam a2200000 a 4500 | ||
|---|---|---|---|
| 001 | UCJ2770 | ||
| 003 | CL-VaPUC | ||
| 008 | 070112e20060900CL |||||||||||||||||spa|d | ||
| 020 | |a 9568478116 | ||
| 082 | 0 | 4 | |a 327.1 |b BAR |2 21 |
| 100 | 0 | |a Bartolomé, Mariano César |e author |9 503738 | |
| 245 | 1 | 3 | |a La seguridad internacional en el siglo XXI, más allá de Westfalia y Clausewitz |
| 250 | |a 1a. ed | ||
| 300 | |a 358 p | ||
| 942 | |c BK | ||
| 945 | |d 20070112 00:00:00 |a lvergara | ||
| 260 | |a Santiago |b Ministerio de Defensa |c 2006 | ||
| 650 | 0 | |a Seguridad internacional |9 256547 | |
| 650 | 0 | |a Relaciones Internacionales |9 255740 | |
| 650 | 0 | |a Política |9 255312 | |
| 650 | 0 | |a Política exterior |9 316628 | |
| 583 | |a last modification |c 20070112 00:00:00 |k Rodrigo Vera | ||
| 490 | 0 | |a Colección Investigaciones Academia Nacional de Estudios Políticos y Estratégicos, 14 | |
| 999 | |c 318901 |d 318899 | ||
| 952 | |0 0 |1 0 |4 0 |6 327_100000000000000_BAR_2006 |7 0 |8 A |9 397097 |a BIBHIS |b BIBHIS |d 2019-11-22 |i 4310950 |o 327.1 BAR 2006 |p 4310950 |r 2025-01-20 |w 2019-11-22 |y BK |k HIS | ||